Nuevo tratado de psicología

Salvato in:
Dettagli Bibliografici
Autore principale: Dumas, Georges (Autore)
Natura: Libro
Lingua:spagnolo
Pubblicazione: Buenos Aires Kapelusz 1948
Soggetti:
Tags: Aggiungi Tag
Nessun Tag, puoi essere il primo ad aggiungerne!!

MARC

LEADER 00000nam a2200000 a 4500
001 UCZ6466
003 CL-VaPUC
008 951211e19480000AG |||||||||||||||||spa|d
082 0 4 |a 150  |b DUM  |2 21 
100 0 |a Dumas, Georges  |e author  |9 350792 
245 1 0 |a Nuevo tratado de psicología 
300 |a v 
942 |c BK 
945 |d 19951211 00:00:00  |a cmena 
260 |a Buenos Aires  |b Kapelusz  |c 1948 
500 |a v.2: Los fundamentos de la vida mental 
500 |a v.3: Las asociaciones sensitivomotoras 
500 |a v.4: Las funciones y las leyes generales 
500 |a v.5: Las funciones sistematizadas de la vida intelectual 
500 |a v.6: Las funciones sistematizadas de la vida afectiva y de la vida activa 
650 0 |a Psicología   |9 257863 
650 7 |a SENSACION  |2 CL-VaPUC  |9 334611 
650 7 |a PSICOLOGIA DE LOS PROCESOS SENSORIALES  |2 CL-VaPUC  |9 350793 
650 0 |a Conciencia  |9 309452 
650 0 |a Percepción   |9 266750 
650 0 |a Emociones   |9 265224 
650 0 |a Instinto  |9 265225 
583 |a last modification  |c 19951211 00:00:00  |k Rodrigo Vera 
999 |c 242666  |d 242664 
952 |0 0  |1 0  |4 0  |6 150_000000000000000_DUM_1948  |7 0  |8 P  |9 255763  |a BIBEDU  |b BIBEDU  |c BIBEDU_PB  |d 2019-11-19  |h v.2  |i 1603396  |o 150 DUM 1948  |p 1603396  |r 2024-01-25  |w 2019-11-19  |y BK  |k EDU 
952 |0 0  |1 0  |4 0  |6 150_000000000000000_DUM_1948  |7 0  |8 P  |9 255764  |a BIBEDU  |b BIBEDU  |c BIBEDU_PB  |d 2019-11-19  |h v.3  |i 1603299  |o 150 DUM 1948  |p 1603299  |r 2024-01-25  |w 2019-11-19  |y BK  |k EDU 
952 |0 0  |1 0  |4 0  |6 150_000000000000000_DUM_1948  |7 0  |8 P  |9 255765  |a BIBEDU  |b BIBEDU  |c BIBEDU_PB  |d 2019-11-19  |h v.4  |i 1603345  |o 150 DUM 1948  |p 1603345  |r 2024-01-25  |w 2019-11-19  |y BK  |k EDU 
952 |0 0  |1 0  |4 0  |6 150_000000000000000_DUM_1948  |7 0  |8 P  |9 255766  |a BIBEDU  |b BIBEDU  |c BIBEDU_PB  |d 2019-11-19  |h v.5  |i 1603248  |o 150 DUM 1948  |p 1603248  |r 2024-01-25  |w 2019-11-19  |y BK  |k EDU 
952 |0 0  |1 0  |4 0  |6 150_000000000000000_DUM_1948  |7 0  |8 P  |9 255767  |a BIBEDU  |b BIBEDU  |c BIBEDU_PB  |d 2019-11-19  |h v.6  |i 1603272  |o 150 DUM 1948  |p 1603272  |r 2024-01-25  |w 2019-11-19  |y BK  |k EDU